მსოფლიო ეკონომიკა : (ბიბ.ჩანაწერი № 36834)
[ მარტივი ფორმატი ]
| 000 -ლიდერი | |
|---|---|
| ფიქსირებული სიგრძის საკონტროლო ველი | 01524nam a2200253Ia 4500 |
| 001 - საკონტროლო ნომერი | |
| საკონტროლო ველი | 2780 |
| 003 - საკონტროლო ნომრის იდენტიფიკატორი | |
| საკონტროლო ველი | GE_BSU |
| 005 - ბოლო ოპერაციის თარიღი და დრო | |
| საკონტროლო ველი | 20250506130619.0 |
| 008 - ფიქსირებული სიგრძის მონაცემთა ელემენტები - ზოგადი ინფორმაცია | |
| ფიქსირებული სიგრძის საკონტროლო ველი | 181216s2001|||| |||||||||||||| ||GEO|| |
| 020 ## - წიგნის საერთაშორისო სტანდარტული ნომერი | |
| International Standard Book Number | 9992801220 |
| 040 ## - კატალოგიზაციის წყარო | |
| Transcribing agency | GE_BSU |
| 041 ## - ენის კოდი | |
| Language code of text/sound track or separate title | geo |
| 080 ## - უნივერსალური ათობითი კლასიფიკაციის ინდექსი | |
| Universal Decimal Classification number | 339(072) მ–90 |
| 245 ## - ცნობა სათაურის შესახებ | |
| Title | მსოფლიო ეკონომიკა : |
| Statement of responsibility, etc | [გრიგოლ თოდუას და შოთა ვეშაპიძის რედ.]; თსუ-ს საერთაშ. ეკონომიკისა და ეკონომიკურ მოძღვრებათა ისტორიის კათედრა, თსუ-ს სოხუმის ფილიალის საერთაშ. ეკონომიკური ურთიერთ. კათედრა, თბილ. სოციალურ-ეკონომიკური ინ-ტი. |
| Remainder of title | დამხმ. სახელმძღვ. / |
| 264 ## - წარმოების, გამოცემის, დისტრიბუციის და სხვა ცნობები | |
| გამოცემის, წარმოების, დისტრიბუციის... ადგილი | თბილისი : |
| გამოცემის, წარმოების, დისტრიბუციის... სახელწოდება | ნობათი, |
| გამოცემის, წარმოების, დისტრიბუციის... თარიღი | 2001. |
| 300 ## - ფიზიკური აღწერა | |
| Extent | 880 გვ ; |
| Dimensions | 20 სმ. |
| 504 ## - BIBLIOGRAPHY, ETC. NOTE | |
| Bibliography, etc | ბიბლიოგრ.: გვ. 871-873. |
| 653 ## - INDEX TERM--UNCONTROLLED | |
| Uncontrolled term | მსოფლიო ეკონომიკა |
| 653 ## - INDEX TERM--UNCONTROLLED | |
| Uncontrolled term | მსოფლიოს ეკონომიკური პოტენციალი |
| 653 ## - INDEX TERM--UNCONTROLLED | |
| Uncontrolled term | ეკონომიკა |
| 700 ## - ADDED ENTRY--PERSONAL NAME | |
| Personal name | თოდუა, გრიგოლ |
| Relator term | რედაქტორი |
| 9 (RLIN) | 878 |
| 700 ## - ADDED ENTRY--PERSONAL NAME | |
| Personal name | ვეშაპიძე, შოთა |
| Relator term | რედაქტორი |
| 9 (RLIN) | 879 |
| 942 ## - ADDED ENTRY ELEMENTS (KOHA) | |
| Koha item type | წიგნი |
| Source of classification or shelving scheme | |
| ჩამოწერის სტატუსი | დაკარგული ეგზემპლარის სტატუსი | კლასიფიკაციის წყარო ან თაროზე გაწყობის სქემა | დაზიანების სტატუსი | არ გაიცემა | მუდმივი მდებარეობა (დაცვის ადგილი) | ამჟამინდელი ადგილსამყოფელი | თაროზე განთავსების ადგილი | შეძენის თარიღი | ღირებულება, შესყიდვის ნორმალური ფასი | სრული შენახვის შიფრი | შტრიხკოდი | ბოლო ოპერაციის თარიღი | ეგზემპლარის მიმდევრობითი ნომერი (კეტერი?) | ფასის ძალაში შესვლის თარიღი | ეგზემპლარის სახეობა | საჯარო შენიშვნა |
|---|---|---|---|---|---|---|---|---|---|---|---|---|---|---|---|---|
| ბათუმის შოთა რუსთაველის სახელმწიფო უნივერსიტეტის მთავარი ბიბლიოთეკა | ბათუმის შოთა რუსთაველის სახელმწიფო უნივერსიტეტის მთავარი ბიბლიოთეკა | წიგნსაცავი | 2018-12-17 | 30.00 | 339(072) მ–90 | 7754 | 2018-12-17 | 7754 | 2018-12-17 | წიგნი | 30 ლ. | |||||
| ბათუმის შოთა რუსთაველის სახელმწიფო უნივერსიტეტის მთავარი ბიბლიოთეკა | ბათუმის შოთა რუსთაველის სახელმწიფო უნივერსიტეტის მთავარი ბიბლიოთეკა | წიგნსაცავი | 2025-05-06 | 15.00 | 339(072) მ–90 | 71338 | 2025-05-06 | 71338 | 2025-05-06 | წიგნი | 15 ლ. | |||||
| ბათუმის შოთა რუსთაველის სახელმწიფო უნივერსიტეტის მთავარი ბიბლიოთეკა | ბათუმის შოთა რუსთაველის სახელმწიფო უნივერსიტეტის მთავარი ბიბლიოთეკა | წიგნსაცავი | 2025-05-06 | 15.00 | 339(072) მ–90 | 71339 | 2025-05-06 | 71339 | 2025-05-06 | წიგნი | 15 ლ. | |||||
| ბათუმის შოთა რუსთაველის სახელმწიფო უნივერსიტეტის მთავარი ბიბლიოთეკა | ბათუმის შოთა რუსთაველის სახელმწიფო უნივერსიტეტის მთავარი ბიბლიოთეკა | წიგნსაცავი | 2025-05-06 | 15.00 | 339(072) მ–90 | 71341 | 2025-05-06 | 71341 | 2025-05-06 | წიგნი | 15 ლ. | |||||
| ბათუმის შოთა რუსთაველის სახელმწიფო უნივერსიტეტის მთავარი ბიბლიოთეკა | ბათუმის შოთა რუსთაველის სახელმწიფო უნივერსიტეტის მთავარი ბიბლიოთეკა | წიგნსაცავი | 2025-05-06 | 15.00 | 339(072) მ–90 | 71337 | 2025-05-06 | 71337 | 2025-05-06 | წიგნი | 15 ლ. | |||||
| ბათუმის შოთა რუსთაველის სახელმწიფო უნივერსიტეტის მთავარი ბიბლიოთეკა | ბათუმის შოთა რუსთაველის სახელმწიფო უნივერსიტეტის მთავარი ბიბლიოთეკა | წიგნსაცავი | 2026-01-28 | 15.00 | 339(072) მ–90 | 73601 | 2026-01-28 | 73601 | 2026-01-28 | წიგნი | 15.00 | |||||
| ბათუმის შოთა რუსთაველის სახელმწიფო უნივერსიტეტის მთავარი ბიბლიოთეკა | ბათუმის შოთა რუსთაველის სახელმწიფო უნივერსიტეტის მთავარი ბიბლიოთეკა | წიგნსაცავი | 2026-01-28 | 15.00 | 339(072) მ–90 | 73602 | 2026-01-28 | 73602 | 2026-01-28 | წიგნი | 15.00 |
